000 00760nam a2200193Ia 4500
003 GCL
005 20240530103103.0
008 140319s9999 xx 000 0 ara d
040 _aGCL /
_cGCL
082 0 4 _a549.6239
_bا ث
100 1 _aاكاديمية البحث العلمى والتكنولوجيا
245 1 0 _aالثروات المعدنية بشبه جزيرة سيناء وامكانية التنمية /
_cاكاديمية البحث العلمى والتكنولوجيا
260 _aالقاهرة :
_bاكاديمية البحث العلمى والتكنولوجيا ،
_c1993
300 _a291 ص :
_bايض ؛
_c32 سم
650 0 4 _aالمعادن
650 0 4 _aسيناء
650 0 4 _aالثروة المعدنية
942 _2ddc
_cBK
999 _c36726
_d36726